000 00895nmc a2200301 a 4500
003 AR-BaBNM
005 20251128211714.0
008 295020s2005 ||||||||||||||000 | spa||
020 _a950-550-307-5
040 _cAR-BaBNM
100 1 _aAbril, Julio L.
245 1 0 _aMetodología de estudio para aprender a aprender
260 _aBuenos Aires
_bMagisterio del Río de la Plata
_c2005
300 0 _a215 p.
_btablas, il.
490 0 _aRespuestas educativas
504 _aContiene referencias bibliográficas p. 212
650 4 _aMETODOS DE ESTUDIO
650 4 _aACTIVIDADES DE APRENDIZAJE
650 4 _aBIBLIOTECAS ESCOLARES
653 0 _aAPRENDER A APRENDER
653 0 _aCOMPRENSION LECTORA
653 0 _aEXPECTATIVAS DE LOGRO
653 0 _aESTRATEGIAS DIDACTICAS
700 1 _aFaya, Marina N.
800 1 _aStarico de Accomo, Mabel N.
942 _cBK
998 _craquel
999 _c20789
_d20789